00909nam a2200205 a 450000100100000000500170001000800410002704000250006808200160009310000290010924501060013826000770024430000210032150000210034250400410036370000520040495201190045695201130057599900150068800000323420200929150353.0971016s1996 dr b 001 0 spa d aDO-SdBNPbspacBNPHU axxxxbA717m1 aAristy, Esther L.91020210aManual de derecho para empresarios /cEsther L. Aristy ; edición y diagramación Jeannette Canals. aSanto Domingo :bFondo para el Financiamiento de la Microempresa,c1996. a243 p. ;c23 cm. aIncluye índice aIncluye referencias bibliográficas1 aCanals, Jeannette,eed. y diagramación910203 0010718PDaPDbPDcCTd2009-07-07iLF1l0oxxxx A717mp3234-10r2020-06-25te. 2w2020-06-25yLFPDZNo se presta 0010718PDaPDbPDcCTd2009-07-07iLF1l0oxxxx A717mp3234-20r2020-06-25w2020-06-25yLFPDZNo se presta c3065d3065